Moderní organizační architektura

Guardado en:
Detalles Bibliográficos
Autor principal: Dědina, Jiří
Otros Autores: Malý, Milan
Formato: Libro
Lenguaje:checo
Publicado: Praha Alfa Publishing 2005
Materias:
Etiquetas: Agregar Etiqueta
Sin Etiquetas, Sea el primero en etiquetar este registro!

MARC

LEADER 00000nam$a2200000$$$4500
001 0040749
005 20240306141537.8
020 |a 80-86851-11-7 
041 0 |a cze 
044 |a CZ 
245 1 0 |a Moderní organizační architektura  |c Jiří Dědina, Milan Malý 
264 1 |a Praha  |b Alfa Publishing  |c 2005 
300 |a 170 s. 
610 2 0 |a organizácia podniku 
610 2 0 |a správanie organizačné 
610 2 0 |a riadenie podnikové 
610 2 0 |a aliancie strategické 
610 2 0 |a decentralizácia 
610 2 0 |a tímy pracovné 
610 2 0 |a outsourcing 
610 2 0 |a cyklus podniku životný 
610 2 0 |a štruktúra organizačná 
100 1 |a Dědina, Jiří 
700 1 |a Malý, Milan